| 000 | 00346nam a2200145Ia 4500 | ||
|---|---|---|---|
| 008 | 230312s9999||||xx |||||||||||||| ||und|| | ||
| 020 | _a0-8089-2451-7 | ||
| 082 |
_a611.0022 _bNET-A |
||
| 100 | _aNetter;Frank.H | ||
| 245 | 0 | _aAtlas of Human Anatomy | |
| 260 |
_bElsevier _aUSA _c2014 |
||
| 300 | _a531 | ||
| 650 |
_aMedical _vAnatomy |
||
| 942 | _cBK | ||
| 999 |
_c3643 _d3643 |
||